| 000 | 01329nam a2200325 c 4500 | ||
|---|---|---|---|
| 003 | BLK | ||
| 005 | 20240327114935.0 | ||
| 008 | 180408b bul|||||r ||||||| ||bul|| | ||
| 010 | _aKNG00060106000 | ||
| 040 | _aBLK | ||
| 041 |
_aBUL _cBUL |
||
| 080 |
_aИкономическо положение. Икономическа политика. Управление. Планиране. Производство. Услуги. Цени _b338 _x(497.2) _z338(497.2) |
||
| 100 | 1 |
_aТодоров, Николай _eпърви автор _gНиколай Тодоров _9363506 |
|
| 139 |
_aСтопанска история на България 681 - 1981 _bС 82 |
||
| 245 | 1 | 0 |
_aСтопанска история на България 681 - 1981 _cНиколай Тодоров. |
| 257 | _aBGR | ||
| 260 |
_аСофия _bНаука и изкуство _c1981 |
||
| 300 |
_a615 с. _bс табл., 50 л. ил. _c27 см |
||
| 380 | _a3 | ||
| 650 | 4 |
_aСтопанство - България - история _9247403 |
|
| 651 | 4 |
_aБългария _9241624 |
|
| 653 | _aстопанство | ||
| 653 | _aистория | ||
| 852 | _aЦб ІІ 6071 | ||
| 856 | 4 |
_qpdf _u |
|
| 856 | 4 |
_qpdf _u |
|
| 942 |
_cKNG _n0 _05 |
||
| 944 |
_aCR _c13.06.2004 _k30576 _lЦветомила Тодорова |
||
| 944 |
_aED _c24.04.2009 _k |
||
| 999 |
_c56129 _d56129 |
||